000 005950000a22002050004500
020 _a84-7423-071-3
041 0 _aSPA
082 0 4 _aG 306.874 L187c
100 1 _aLaing, Ronald D. (David) (1927-)
245 1 0 _aConversaciones con mis hijos / Roland D. Laing ; Silvia Furió, Traductor
250 _a2
260 _aBarcelona, España : Crítica
300 _a178 Pag
500 _aTítulo original : Conversations with Adam and Natasha
001 9550
942 _cBK
999 _c39513
_d39513
336 _atexto
_btxt
_2rdacontent
337 _2rdamedia
_asin mediación
_bn
338 _2rdacarrier
_avolumen
_bnc